| 000 | 03009cad a22004575a 4500 | ||
|---|---|---|---|
| 001 | L152777 | ||
| 002 | 16926 | ||
| 008 | 100312s2011 xxk f f 001 0 eng d | ||
| 020 | _a9781842196519 | ||
| 035 | _a(Sirsi) u152777 | ||
| 041 | 0 | _aeng | |
| 050 | 0 | 4 | _a333.332 $2 18 |
| 110 | 2 |
_aRoyal Institution of Chartered Surveyors _94900 |
|
| 240 | 0 | 0 | _aRed Book |
| 245 | 0 | 0 |
_aRICS valuation standards _bglobal and UK, May 2011 |
| 250 | _a7th ed. | ||
| 260 |
_aLondon _bRICS _c2011 |
||
| 300 |
_axii, 320p. _bspiral bound _c24cm. |
||
| 350 | _a165 | ||
| 490 | 0 | _aRICS Guidance Note | |
| 490 | 0 | _aRICS Practice Statement | |
| 490 | 0 | _aRICS UK Guidance Note | |
| 490 | 0 | _aRICS Valuation Information Paper | |
| 490 | 0 | _aRICS UK Practice Statement | |
| 505 | 2 | _aIntroduction: Purpose of these standards -- International Valuation Standards -- Enforcement of these Standards -- How these standards are arranged -- Amendments and exposure drafts -- Effective date -- Translations and national practice statements | |
| 505 | 2 | _aGlossary | |
| 505 | 2 | _aPractice statements: PS1 Compliance and ethical requirements -- PS2 Agreement of terms of engagement -- PS3 Basis of value -- PS4 Applications -- PS5 Investigations -- PS6 Valuation Reports | |
| 505 | 2 | _aGuidance notes: GN1 Trade related property valuations -- GN2 Plant and equipment -- GN3 Valuations of portfolios and groups of properties --GN4 Mineral-bearing land and waste management -- GN5 Valuation uncertainty -- GN6 European Directives and regulations relevant to valuation -- GN7 Personal property | |
| 505 | 2 | _aUK practice statements: UKPS1 Valuations for financial statements -- UKPS2 Valuations for financial statements: specific applications -- UKPS3 Valuations for loan facilities -- UKPS4 Other applications -- UKPS5 Regulated purpose valuations | |
| 505 | 2 | _aUK guidance notes: UKGN1 Inspections and material considerations -- UKGN2 Shared ownership of residential property -- UKGN3 Valuations for capital gains tax, inheritance tax and stamp duty land tax -- UKGN4 Valuations for charities -- UKGN5 Local authority disposal of land for less than best consideration | |
| 505 | 2 | _aValuation information papers | |
| 505 | 2 | _aIndex | |
| 520 | _aRICS Valuation Standards (The Red Book) is issued by RICS Valuation Faculty and contains mandatory rules and best practice guidance for all RICS members undertaking valuations services worldwide. The standards contained in this sixth edition are compliant with current International Valuation Standards, published by the International Valuation Standards Committee (IVSC). | ||
| 520 | _aThis edition is effective from | ||
| 650 | 2 | 4 | _aRICS VALUATION STANDARDS |
| 651 | 4 | _aInternational | |
| 690 | _aPROPERTY-PROPERTY APPRAISAL AND VALUATION | ||
| 856 | 4 | 0 |
_uhttps://www.rics.org/Global/Downloads/RICS_Red_Book_2011.pdf _zRICS members can access the guidance notes and practice statements free of charge at www.rics.org/redbook... |
| 942 | _n0 | ||
| 999 |
_c112212 _d112212 |
||
| 490 | _aRICS Red Book | ||